| 000 | 00881nam a2200253Ia 4500 | ||
|---|---|---|---|
| 005 | 20220317000639.0 | ||
| 008 | 160601s1997 sp g 000 0 spa | ||
| 020 | _a8476726740 | ||
| 100 | 1 |
_aVirgilio Marón, Publio _d70-19 a.C. |
|
| 245 | 1 | 3 |
_aLa Eneida _cVirgilio ; traducción y notas Felipe Peyró Carrió ; prólogo y présentación Francesc L. Cardona |
| 250 | _a2a. edición | ||
| 300 |
_a317 páginas _c20 cm |
||
| 650 | 1 | 4 |
_2LEMB _aPoesía épica latina |
| 650 | 1 | 4 |
_2LEMB _aLiteratura latina |
| 650 | 1 | 4 |
_2LEMB _aHéroes troyanos en la literatura |
| 700 | 1 |
_aPeyró Carrió, Felipe _etraductor _951752 |
|
| 942 |
_2loc _cBKLIT |
||
| 264 |
_aBarcelona _bEdicomunicación _c1997 |
||
| 336 |
_atexto _btxt _2rdacontent |
||
| 337 |
_asin mediación _bn _2rdamedia |
||
| 338 |
_avolumen _bnc _2rdacarrier |
||
| 040 |
_aCO-BoRNBP _bspa _erda _cCO-BoRNBP |
||
| 084 | _aP VIR1 | ||
| 999 |
_c4655 _d4655 |
||